On This Day: July 23rd II Quiz Stats

 Plays Quiz Updated Jul 23, 2018

Score 0/7 Timer 03:00
0 Plays Today
Question Answer Wrong Answers
This American soldier and statesman, who served as the Commanding General of the Army and the 18th President of the United States, dies of throat cancer.
1885
Ulysses S. Grant
86.8%
Rutherford B. Hayes
3.7%
James A. Garfield
5.4%
Chester A. Arthur
3.9%
The ______ military junta collapses, and former Prime Minister Konstantinos Karamanlis is invited to lead the new government.
1974
Greek
79.5%
Albanian
4.3%
Turkish
6.3%
Czechoslovak
5.8%
Austria-Hungary issues an ultimatum to the Kingdom of ______, demanding that they allow the Austrians to determine who assassinated Archduke Franz Ferdinand.
1914
Serbia
65.1%
Belgium
6.5%
Denmark
7.5%
Germany
20.4%
British Parliament enacts the Union Act, uniting Upper and Lower _____ into one territory, called the Province of _____.
1840
Canada
52.3%
India
23.6%
Australia
14.9%
Nigeria
8.9%
Having its origins in the May Fourth Movement of 1919, the Communist Party of ______ is established at the founding National Congress.
1921
China
46.8%
Russia
40.4%
Korea
4.9%
Vietnam
6.7%
This American basketball player, the first point guard to win the NBA Defensive Player of the Year award, is born.
1968
Gary Payton
36.9%
John Stockton
25.6%
Reggie Miller
25.2%
Penny Hardaway
9.2%
This de facto and partially recognized republic on the eastern coast of the Black Sea declares their independence from Georgia.
1992
Abkhazia
34.3%
Azores
3.9%
Crimea
51.9%
Karakalpakstan
5.6%

You're not logged in!

Compare scores with friends on all Sporcle quizzes.
OR
Log In

Sporcle TV

Today on Sporcle TV


Watch our educational content, quiz creation guides, and fun videos on Sporcle TV.

Show Comments

Extras

Top Quizzes Today


Score Distribution

Your Account Isn't Verified!

In order to create a playlist on Sporcle, you need to verify the email address you used during registration. Go to your Sporcle Settings to finish the process.

Report this User

Report this user for behavior that violates our Community Guidelines.

Details: